Alliterative North American Pro Sports Teams - Statistics

General Stats
  • This quiz has been taken 29 times
  • The average score is 14 of 15
Answer Stats
League Team % Correct
NBA Basketball Cleveland Cavaliers
100%
NBA Basketball Los Angeles Lakers
100%
Major League Baseball Pittsburgh Pirates
100%
NFL Football Buffalo Bills
96%
NFL Football Jacksonville Jaguars
96%
Major League Baseball Philadelphia Phillies
96%
NFL Football Seattle Seahawks
96%
NFL Football Tennessee Titans
96%
Major League Baseball Chicago Cubs
93%
Major League Baseball Miami Marlins
93%
NHL Hockey Pittsburgh Penguins
93%
NBA Basketball Washington Wizards
93%
NHL Hockey Boston Bruins
89%
NHL Hockey San Jose Sharks
89%
NBA Basketball San Antonio Spurs
85%
No matching quizzes found
Score Distribution
Percent of People with Each Score
Percentile by Number Answered
Your Score History
You have not taken this quiz